000 004990000a22001810004500
003 MACL
005 20160317165320.0
008 160317b xxu||||| |||| 00| 0 eng d
040 _aMACL
_cMACL
041 _aHindi
082 _a891.431
100 _aश्री उदयशंकर भटट
_943371
245 _aविजय पथ
260 _bगौतम बुक डिपो
_c1950
_aदिल्‍ली
350 _a1.25
650 _aPoetry
_947071
942 _cHIN
_k891.431
_2ddc
999 _c24099
_d24099